Chaplin : (Record no. 6927)
[ view plain ]
| 000 -CABECERA | |
|---|---|
| campo de control de longitud fija | 00778cam a2200229 a 4500 |
| 001 - NÚMERO DE CONTROL | |
| campo de control | 000007146 |
| 005 - FECHA Y HORA DE LA ÚLTIMA TRANSACCIÓN | |
| campo de control | 20200929154059.0 |
| 008 - DATOS DE LONGITUD FIJA--INFORMACIÓN GENERAL | |
| campo de control de longitud fija | 780426s1977 sp a b 000 0bspa |
| 020 ## - NÚMERO INTERNACIONAL ESTÁNDAR DEL LIBRO | |
| Número Internacional Estándar del Libro | 8402052932 |
| 040 ## - FUENTE DE LA CATALOGACIÓN | |
| Centro catalogador/agencia de origen | DO-SdBNP |
| Lengua de catalogación | spa |
| Centro/agencia transcriptor | BNPHU |
| 082 ## - NÚMERO DE LA CLASIFICACIÓN DECIMAL DEWEY | |
| Número de clasificación | 927.79143 |
| Número de documento/Ítem | C464A |
| 100 1# - ENTRADA PRINCIPAL--NOMBRE DE PERSONA | |
| Nombre de persona | Alsina Thevenet, Homero, |
| Fechas asociadas al nombre | 1922- |
| 9 (RLIN) | 19829 |
| 245 10 - MENCIÓN DE TÍTULO | |
| Título | Chaplin : |
| Resto del título | todo sobre un mito / |
| Mención de responsabilidad, etc. | Homero Alsina Thevenet. |
| 260 ## - PUBLICACIÓN, DISTRIBUCIÓN, ETC. | |
| Lugar de publicación, distribución, etc. | Barcelona : |
| Nombre del editor, distribuidor, etc. | Bruguera, |
| Fecha de publicación, distribución, etc. | 1977. |
| 300 ## - DESCRIPCIÓN FÍSICA | |
| Extensión | 221 p. : |
| Otras características físicas | il. ; |
| Dimensiones | 21 cm. |
| 490 1# - MENCIÓN DE SERIE | |
| Mención de serie | Bruguera cinco estrellas |
| Designación de volumen o secuencia | 2 |
| 504 ## - NOTA DE BIBLIOGRAFÍA, ETC. | |
| Nota de bibliografía, etc. | Bibliografía: p. 198-203. |
| 600 10 - PUNTO DE ACCESO ADICIONAL DE MATERIA--NOMBRE DE PERSONA | |
| Nombre de persona | CHAPLIN, CHARLES SPENCER, |
| Fechas asociadas al nombre | 1889-1977. |
| Subdivisión de forma | BIOGRAFÍA |
| 9 (RLIN) | 19830 |
| 650 #4 - PUNTO DE ACCESO ADICIONAL DE MATERIA--TÉRMINO DE MATERIA | |
| Término de materia o nombre geográfico como elemento de entrada | Actores y actrices de cine |
| 9 (RLIN) | 4480 |
| 650 #4 - PUNTO DE ACCESO ADICIONAL DE MATERIA--TÉRMINO DE MATERIA | |
| Término de materia o nombre geográfico como elemento de entrada | Cómicos |
| Subdivisión geográfica | Estados Unidos |
| 9 (RLIN) | 19831 |
| 830 #0 - PUNTO DE ACCESO ADICIONAL DE SERIE-TÍTULO UNIFORME | |
| Título uniforme | Bruguera cinco estrellas ; |
| Número de parte o sección de la obra | 2 |
| 9 (RLIN) | 19832 |
| Estado de retiro | Estado de pérdida | Restricciones de uso | No para préstamo | Código de colección | Localización permanente | Ubicación/localización actual | Ubicación en estantería | Fecha de adquisición | Número de inventario | Total de préstamos | Signatura topográfica completa | Código de barras | Fecha visto por última vez | Precio válido a partir de | Tipo de ítem Koha | Número de copia |
|---|---|---|---|---|---|---|---|---|---|---|---|---|---|---|---|---|
| Préstamo interno | Monografías: Libros y Folletos | General | General | En catalogación | 04.09.2009 | LF1 | 927.79143 C464A | 7146-10 | 25.06.2020 | 25.06.2020 | Préstamo interno | |||||
| Préstamo restringido | Préstamo restrigido | Monografías: Libros y Folletos | General | General | En catalogación | 04.09.2009 | LF1 | 927.79143 C464A | 7146-20 | 25.06.2020 | 25.06.2020 | Préstamo interno | e.2 | |||
| Extraviado | Excluido de préstamo | Monografías: Libros y Folletos | General | General | Extraviado | 10.04.2017 | LF1 | 927.79143 C464A | 7146-30 | 25.06.2020 | 25.06.2020 | No se presta | e. 3 |
